| 000 | 00461nam a22001337a 4500 | ||
|---|---|---|---|
| 082 | _a620.005 | ||
| 100 | _aUmer, Muhammad | ||
| 245 |
_aunderstanding Change and its Implications in Engineering Education Sector of Pakistan / _cMuhammad Umer |
||
| 260 |
_aIslamabad : _bCEME - NUST, _c2013. |
||
| 650 |
_aEngineering Management-MS-Thesis _916065 |
||
| 700 |
_aDr. Qaiser Malik _931435 |
||
| 942 |
_2ddc _cTHE |
||
| 999 |
_c536387 _d536387 |
||